Culture générale par lettre - V. - Statistiques

Statistiques générales
  • Ce quiz a été pris 3 897 fois
  • Le résultat moyen est 12 sur 15
Statistiques - réponses
Questions Réponses % Correct
Deuxième planète de notre système solaire. Vénus
99%
Équipement sportif qui peut être dit "Tout Chemin", "Tout terrain" ou "de Ville". Vélo
97%
Métier des personnes cultivant la vigne. Viticulteur
97%
Animal sacré en Inde. Vache
95%
Célèbre peintre Néerlandais, à "l'oreille coupé". Vincent Van Gogh
95%
Ville du canada, ayant accueilli les JO d'hiver en 2010. Vancouver
88%
Vaisseau qui conduit le sang des organes et des muscles vers le cœur. Veine
87%
Nom communément donné au stade de Football de l'OM. Vélodrome
87%
Sa capitale est Hanoï. Vietnam
86%
Film d'animation Disney, sortie en 2016, ou l'héroïne va traverser l'océan accompagner du demi-dieu Maui. Vaiana, la Légende du bout du monde
83%
Peuple d'explorateurs, commerçants, pillards mais aussi pirates scandinaves au cours d’une période s’étendant du VIIIe au XIe siècle. Vikings
80%
Chanteur Français, interprète de " Je m'en vais" ou "Beau-papa". Vianney
79%
Celui de Soissons était un objet précieux, sujet du récit d'un événement à caractère historique. Vase
77%
Constructeur automobile de la célèbre "Coccinelle". Volkswagen
75%
Titre original du film "Sueurs froides" d'Alfred Hitchcock. Vertigo
25%
Aucun quiz correspondant
Distribution des résultats
% des personnes avec chaque résultat
Percentile par nombre de réponses
Votre historique - résultats
Vous n’avez pas pris ce quiz